000 00296nam a2200121Ia 4500
008 241015s9999 xx 000 0 und d
041 _aeng
082 _a158.1 ZEL
100 _aZeller
245 _aSuccess Habits For Dummies
260 _bWiley India
_aNew Delhi
_c2019
300 _a380;. P. 23 cm
999 _c41902
_d41902